Conversaciones sobre ťica (para los derechos humanos

Detalles Bibliográficos
Autor principal: Salvador Ale, Pedro
Formato: eBook
Lenguaje:español
Publicado: Tlalnepantla de Baz, Mx̌ico : Comisin̤ de Derechos Humanos del Estado de Mx̌ico (CODHEM), 2012
Materias:
Acceso en línea:http://www.vlex.com/source/6838

MARC

LEADER 00000nam a22000007a 4500
005 20130125132330.0
007 cr|||| ||||
008 130125e2012 mx |||||s|||| 00||0 spa d
020 |a 6079523574 
035 |a 6838 
040 |a vLex 
090 |c 3612  |d 3612 
100 1 0 |a Salvador Ale, Pedro  
245 1 0 |a Conversaciones sobre ťica (para los derechos humanos  |h [Recurso electrn̤ico] 
256 |a Servicio en ln̕ea 
260 |a Tlalnepantla de Baz, Mx̌ico :  |b Comisin̤ de Derechos Humanos del Estado de Mx̌ico (CODHEM),   |c 2012 
300 |a 1 Recurso electrn̤ico 
650 0 4 |a Derechos humanos 
740 |a vLex Libros (Servicio en ln̕ea) 
856 |a Acceso restringido  |u http://www.vlex.com/source/6838 
942 |c BOOK 
999 0 |a Human rights